[Event "Arber op 7th"]
[Site "Bodenmais"]
[Date "2018.08.02"]
[Round "6"]
[White "Bartels, Vladimir"]
[Black "Schreiber, Egwin"]
[Result "1-0"]
[WhiteElo "1739"]
[BlackElo "1586"]
[PlyCount "35"]
[EventDate "2018.07.28"]
[EventType "swiss"]
[EventRounds "9"]
[EventCountry "GER"]
[SourceTitle "CBM 185 Extra"]
[Source "ChessBase"]
[SourceDate "2018.07.29"]
[SourceVersion "1"]
[SourceVersionDate "2018.07.29"]
[SourceQuality "1"]

1. e4 e5 2. Nf3 Nc6 3. Bb5 Nd4 4. Nxd4 exd4 5. 0-0 c6 6. Bc4 b5 7. Bb3 c5 8. Bd5 Rb8 9. Qh5 Qe7 10. e5 g6 11. Qf3 Bg7 12. Re1 Nh6 13. d3 0-0 14. Qh3 d6 15. e6 fxe6 16. Bxh6 exd5 17. Rxe7 Bxh3 18. Rxg7+ 1-0

[Event "Arber op 7th"]
[Site "Bodenmais"]
[Date "2018.07.31"]
[Round "4"]
[White "Wunderlich, Matthias"]
[Black "Schreiber, Egwin"]
[Result "0-1"]
[WhiteElo "1826"]
[BlackElo "1586"]
[PlyCount "68"]
[EventDate "2018.07.28"]
[EventType "swiss"]
[EventRounds "9"]
[EventCountry "GER"]
[SourceTitle "CBM 185 Extra"]
[Source "ChessBase"]
[SourceDate "2018.07.29"]
[SourceVersion "1"]
[SourceVersionDate "2018.07.29"]
[SourceQuality "1"]

1. Nc3 e5 2. Nf3 Nc6 3. d4 exd4 4. Nxd4 Bb4 5. Nxc6 bxc6 6. Qd4 Bf8 7. g3 Nf6 8. Bg2 a6 9. e4 d5 10. exd5 cxd5 11. Nxd5 Nxd5 12. Bxd5 Rb8 13. Bxf7+ Kxf7 14. Qxd8 Bb4+ 15. Qd2 Re8+ 16. Kf1 Bh3+ 17. Kg1 Bxd2 18. Bxd2 Re2 19. Bc3 Rd8 20. Rc1 g5 21. a3 Kg6 22. Ra1 c5 23. Ba5 Rf8 24. Be1 Rfe8 25. Bc3 Rf8 26. Be1 Rxc2 27. Rd1 Rf6 28. Rb1 Rb6 29. b3 Ra2 30. Bc3 Rc2 31. Be1 c4 32. b4 a5 33. b5 a4 34. f3 Rg2+ 0-1

[Event "Arber op 7th"]
[Site "Bodenmais"]
[Date "2018.07.29"]
[Round "2"]
[White "Albrecht, Manuel"]
[Black "Schreiber, Egwin"]
[Result "1-0"]
[WhiteElo "1863"]
[BlackElo "1586"]
[PlyCount "43"]
[EventDate "2018.07.28"]
[EventType "swiss"]
[EventRounds "9"]
[EventCountry "GER"]
[SourceTitle "CBM 185 Extra"]
[Source "ChessBase"]
[SourceDate "2018.07.29"]
[SourceVersion "1"]
[SourceVersionDate "2018.07.29"]
[SourceQuality "1"]

1. e4 e5 2. Nf3 Nc6 3. Bb5 Nd4 4. Nxd4 exd4 5. d3 c6 6. Bc4 Bb4+ 7. c3 dxc3 8. bxc3 Be7 9. Qf3 d5 10. exd5 cxd5 11. Bxd5 Nf6 12. Bxb7 Bxb7 13. Qxb7 0-0 14. 0-0 Bc5 15. d4 Bd6 16. Qf3 Qc7 17. g3 Rfe8 18. Ba3 Rab8 19. Bxd6 Qxd6 20. Nd2 Rb2 21. Nc4 Reb8 22. Nxd6 1-0

[Event "Niederbayern-ch"]
[Site "Regen"]
[Date "2015.06.19"]
[Round "3"]
[White "Bergmann, Reiner"]
[Black "Schreiber, Egwin"]
[Result "1-0"]
[WhiteElo "1841"]
[BlackElo "1521"]
[PlyCount "53"]
[EventDate "2015.06.18"]
[EventType "swiss"]
[EventRounds "7"]
[EventCountry "GER"]
[SourceTitle "EXT 2023"]
[Source "ChessBase"]
[SourceDate "2022.10.05"]
[SourceVersion "1"]
[SourceVersionDate "2022.10.05"]
[SourceQuality "1"]

1. e4 e5 2. Nf3 Nc6 3. Bc4 Nd4 4. Nxe5 Qg5 5. Bxf7+ Ke7 6. 0-0 Qxe5 7. Bc4 Nf6 8. c3 Nc6 9. d4 Qh5 10. e5 Qxd1 11. exf6+ gxf6 12. Rxd1 Bg7 13. Na3 a6 14. Nc2 b5 15. Re1+ Kd8 16. Bd3 Ne7 17. Be4 c6 18. Bf4 Ng6 19. Bg3 d5 20. Bd3 Ra7 21. Nb4 Bd7 22. a4 a5 23. axb5 Re8 24. Rxe8+ Bxe8 25. bxc6 Re7 26. c7+ Kc8 27. Nxd5 1-0

[Event "Niederbayern-ch"]
[Site "Regen"]
[Date "2015.06.18"]
[Round "1"]
[White "Haselbeck, Franz"]
[Black "Schreiber, Egwin"]
[Result "1/2-1/2"]
[WhiteElo "1920"]
[BlackElo "1521"]
[PlyCount "162"]
[EventDate "2015.06.18"]
[EventType "swiss"]
[EventRounds "7"]
[EventCountry "GER"]
[SourceTitle "EXT 2023"]
[Source "ChessBase"]
[SourceDate "2022.10.05"]
[SourceVersion "1"]
[SourceVersionDate "2022.10.05"]
[SourceQuality "1"]

1. Nf3 e6 2. g3 d5 3. Bg2 Nf6 4. d3 Bb4+ 5. c3 Bd6 6. 0-0 0-0 7. Re1 Nc6 8. e4 dxe4 9. dxe4 e5 10. Nbd2 Bg4 11. Nc4 Qe7 12. Qc2 Rad8 13. Ne3 Bc5 14. h3 Be6 15. Ng5 h6 16. Nxe6 Qxe6 17. b4 Bxe3 18. Bxe3 a6 19. a4 Qc4 20. Bc5 Rfe8 21. Bf1 Qe6 22. a5 Rd7 23. Rad1 Red8 24. f3 Nh5 25. Bf2 Rxd1 26. Rxd1 Rxd1 27. Qxd1 Qg6 28. Kh2 Nf6 29. Qd3 Qg5 30. Qe3 Qxe3 31. Bxe3 Nd7 32. h4 f6 33. Bh3 Nf8 34. Bc5 Nd8 35. Bf1 Kf7 36. Bc4+ Nfe6 37. f4 exf4 38. gxf4 Ke8 39. Be3 Ke7 40. f5 Nf8 41. Bc5+ Ke8 42. Be2 Nd7 43. Bh5+ Nf7 44. Bd4 Ke7 45. Kg3 Nd6 46. Kf4 Nb5 47. Be2 Nxd4 48. cxd4 Kd6 49. Bc4 Nb8 50. e5+ fxe5+ 51. dxe5+ Ke7 52. Bd5 b6 53. Bb7 bxa5 54. bxa5 Kd7 55. Bd5 Ke7 56. h5 Nd7 57. Bc4 Nb8 58. Ke3 Nc6 59. Ke4 Nxa5 60. Bxa6 Nc6 61. Bc4 Na5 62. Be6 Nc6 63. Kd5 Nd8 64. Bg8 Kd7 65. Kd4 Nc6+ 66. Ke4 Nd8 67. Bd5 Ke7 68. Kd4 Kd7 69. Kc5 Ke7 70. Bb3 Kd7 71. Ba4+ Ke7 72. Bb3 Kd7 73. Bd5 Ke7 74. Bc6 Nf7 75. Kd5 Nd8 76. e6 Kf6 77. Bd7 Ke7 78. Bc8 Kf6 79. Bd7 Ke7 80. Bc6 Kf6 81. Ba8 Ke7 1/2-1/2

[Event "Niederbayern-ch"]
[Site "Regen"]
[Date "2015.06.18"]
[Round "2"]
[White "Schreiber, Egwin"]
[Black "Zepke, Armin"]
[Result "0-1"]
[WhiteElo "1521"]
[BlackElo "2109"]
[PlyCount "52"]
[EventDate "2015.06.18"]
[EventType "swiss"]
[EventRounds "7"]
[EventCountry "GER"]
[SourceTitle "EXT 2023"]
[Source "ChessBase"]
[SourceDate "2022.10.05"]
[SourceVersion "1"]
[SourceVersionDate "2022.10.05"]
[SourceQuality "1"]

1. e4 c6 2. d4 d5 3. e5 Bf5 4. Nf3 e6 5. Be2 Nd7 6. 0-0 Ne7 7. Nh4 Bg6 8. Bg5 Qb6 9. Bc1 c5 10. c3 Nc6 11. Nf3 Be7 12. b3 cxd4 13. cxd4 0-0 14. Bb2 Rac8 15. Bd3 Bxd3 16. Qxd3 Nb4 17. Qd1 Nc2 18. Nc3 Nxa1 19. Qxa1 Rc6 20. h3 Rfc8 21. Rd1 Qa5 22. Rd3 Ba3 23. Nd1 Bxb2 24. Qxb2 Rc2 25. Qb1 Rc1 26. Qb2 R8c2 0-1

[Event "Deggendorf op 3rd"]
[Site "Deggendorf"]
[Date "2010.09.04"]
[Round "3"]
[White "Bacholke, Michael"]
[Black "Schreiber, Egwin"]
[Result "1-0"]
[WhiteElo "1887"]
[BlackElo "1503"]
[PlyCount "39"]
[EventDate "2010.09.03"]
[EventType "swiss"]
[EventRounds "5"]
[EventCountry "GER"]
[SourceTitle "CBM 138 Extra"]
[Source "ChessBase"]
[SourceDate "2010.10.29"]
[SourceVersion "1"]
[SourceVersionDate "2010.10.29"]
[SourceQuality "1"]

1. e4 e5 2. Nf3 Nc6 3. Bc4 Nd4 4. Nxd4 exd4 5. 0-0 d6 6. c3 dxc3 7. Nxc3 Nf6 8. Qb3 Qe7 9. d4 c6 10. Bg5 h6 11. Bh4 g5 12. Bg3 b5 13. Bd3 Nh5 14. a4 Bg7 15. axb5 Bxd4 16. bxc6 Nxg3 17. hxg3 Bb6 18. Nd5 Be6 19. Qc3 Qf8 20. Nxb6 1-0